Using audiovisuals in religious education / (Record no. 2878)

MARC details
000 -LEADER
fixed length control field 00942nam a2200253 i 4500
001 - CONTROL NUMBER
control field 3637937
003 - CONTROL NUMBER IDENTIFIER
control field GBCCL
005 - DATE AND TIME OF LATEST TRANSACTION
control field 20241126110442.0
008 - FIXED-LENGTH DATA ELEMENTS--GENERAL INFORMATION
fixed length control field 750211s1974 tnua b 000 0 eng
010 ## -
-- 75302520
040 ## - CATALOGING SOURCE
Original cataloging agency DLC
Transcribing agency DLC
Modifying agency DLC
050 00 -
-- BV1535
-- .F65
082 00 - DEWEY DECIMAL CLASSIFICATION NUMBER
Classification number 268.635
Item number FOR
100 1# - MAIN ENTRY--PERSONAL NAME
Personal name Ford, LeRoy.
9 (RLIN) 6032
245 10 - TITLE STATEMENT
Title Using audiovisuals in religious education /
Statement of responsibility, etc. LeRoy Ford.
260 ## - PUBLICATION, DISTRIBUTION, ETC.
Place of publication, distribution, etc. Nashville :
Name of publisher, distributor, etc. Convention Press,
Date of publication, distribution, etc. [1974]
300 ## - PHYSICAL DESCRIPTION
Extent 128 p. :
Other physical details ill. ;
Dimensions 20 cm.
500 ## - GENERAL NOTE
General note "This book is the text for course 6912 of subject area 69, Program and Administrative Services of the Church Study Course [Sunday School Board, Southern Baptist Convention]"
504 ## - BIBLIOGRAPHY, ETC. NOTE
Bibliography, etc. note Bibliography: p. 121-125.
650 #0 - SUBJECT ADDED ENTRY--TOPICAL TERM
Topical term or geographic name entry element Religious education
General subdivision Audio-visual aids.
9 (RLIN) 6033
710 2# - ADDED ENTRY--CORPORATE NAME
Corporate name or jurisdiction name as entry element Southern Baptist Convention.
Subordinate unit Sunday School Board.
9 (RLIN) 6027
906 ## - LOCAL DATA ELEMENT F, LDF (RLIN)
a 7
b cbc
c orignew
d 2
e ncip
f 19
g y-gencatlg
942 ## - ADDED ENTRY ELEMENTS (KOHA)
Source of classification or shelving scheme Dewey Decimal Classification
Koha item type Books
Holdings
Withdrawn status Lost status Source of classification or shelving scheme Damaged status Not for loan Home library Current Library Shelving location Date acquired Total checkouts Full call number Barcode Date last seen Copy number Price effective from Koha item type
    Dewey Decimal Classification     GRACE BIBLE COLLEGE GRACE BIBLE COLLEGE Ministry & Mission 2017-10-05   268.635 FOR 008114 2025-05-01 c.1 2017-10-05 Books
    Dewey Decimal Classification     GRACE BIBLE COLLEGE GRACE BIBLE COLLEGE Ministry & Mission 2017-10-05   268.635 FOR 008115 2025-05-01 c.2 2017-10-05 Books
© Grace Bible College Library 2025